000 01025nam a2200229Ii 4500
003 JO-AjNU
008 230605s9999||||xx |||||||||||||| ||und||
017 _a2008/7/2408
020 _a978-9957-00-370-2
040 _aJO-AjNU
_bara
_erda
_cJO-AjNU
041 _aara
050 1 4 _aRD755.G42 2009
100 3 _aالغرير، احمد نائل،م.مشارك اديب عبدالله النوايسة,
_eauthor
_962030
245 0 0 _aالوسائل المساعدة والاجهزة التعويضية للاشخاص المعاقين
250 _aالطبعة العربية الاولى
264 3 1 _aعمان: دار الشروق للنشر والتوزيع، 2009
300 _a175ص
_b ويحتوي على قائمة مراجع من ص171-ص175
336 _atext
_btxt
_2rdacontent
337 _aunmediated
_bn
_2rdamedia
338 _avolume
_bnc
_2rdacarrier
650 4 _aالرعاية الصحية-الاجهزة الطبية-المعوقيين-الاعقة السمعية -الاعاقة البصرية
_962031
999 _aA28068
_c31636
_d31636